La obligación de conservación en la convención de Viena de 11 de abril de 1980 sobre compraventa internacional de mercaderías: un estudio transversal de la convención de Viena
Salvato in:
| Autore principale: | |
|---|---|
| Natura: | Libro |
| Lingua: | spagnolo |
| Pubblicazione: |
Valencia
Tirant lo Blanch
1995
|
| Serie: | Biblioteca Jurídica Cuatrecasas, 2
|
| Soggetti: | |
| Tags: |
Aggiungi Tag
Nessun Tag, puoi essere il primo ad aggiungerne!!
|
MARC
| LEADER | 00000nam a2200000 a 4500 | ||
|---|---|---|---|
| 001 | UCP3510 | ||
| 003 | CL-VaPUC | ||
| 008 | 990625e19950000SP |||||||||||||||||spa|d | ||
| 082 | 0 | 4 | |a 341.754 |b VAZ |2 21 |
| 100 | 0 | |a Vázquez Lepinette, Tomás |e author |9 430861 | |
| 245 | 1 | 3 | |a La obligación de conservación en la convención de Viena de 11 de abril de 1980 sobre compraventa internacional de mercaderías: un estudio transversal de la convención de Viena |
| 300 | |a 551 p | ||
| 942 | |c BK | ||
| 945 | |d 19990625 00:00:00 |a vberengu | ||
| 260 | |a Valencia |b Tirant lo Blanch |c 1995 | ||
| 650 | 0 | |a Derecho mercantil |9 371888 | |
| 650 | 0 | |a Compraventa internacional |9 359625 | |
| 650 | 0 | |a Compraventa mercantil |9 359626 | |
| 650 | 0 | |a Obligaciones |9 255578 | |
| 650 | 0 | |a Convención de Viena |9 329188 | |
| 651 | 0 | |a Europa |9 255156 | |
| 583 | |a last modification |c 20131003 02:24:46 |k Rodrigo Vera | ||
| 490 | 0 | |a Biblioteca Jurídica Cuatrecasas, 2 | |
| 999 | |c 281822 |d 281820 | ||
| 952 | |0 0 |1 0 |4 0 |6 341_754000000000000_VAZ_1995 |7 0 |8 A |9 322820 |a BIBDER |b BIBDER |d 2019-11-20 |i 3489035 |o 341.754 VAZ 1995 |p 3489035 |r 2023-01-25 |w 2019-11-20 |y BK |k DER | ||